000
00263nam a2200109 a 4500
008
111128s2008|||| d
100
1
_a
Ambrozowicz, J.
245
1
0
_a
Ropczyce
_b
Miasto i Gmina
260
_b
Jota
_a
Rzeszow
_c
2008
020
_c
150
044
_a
xo
_c
SK
999
_c
19891
_d
19891